Hodnotenie efektívnosti činnosti neziskovej organizácie diplomová práca

Salvato in:
Dettagli Bibliografici
Autore principale: Petrisková, Katarína
Ente Autore: Fakulta podnikového manažmentu EU. Katedra podnikovohospodárska
Altri autori: Majdúchová, Helena, 1963-
Natura: Libro
Lingua:slovacco
Pubblicazione: Bratislava 2011
Tags: Aggiungi Tag
Nessun Tag, puoi essere il primo ad aggiungerne!!

MARC

LEADER 00000nbm a2200000 4500
001 0131570
005 20161109101715.1
041 0 |a slo 
044 |a SK 
245 1 0 |a Hodnotenie efektívnosti činnosti neziskovej organizácie  |b diplomová práca  |c Katarína Petrisková ; školiteľ: Helena Majdúchová 
264 1 |a Bratislava  |c 2011 
300 |a 82 s. 
100 1 |a Petrisková, Katarína 
700 1 |a Majdúchová, Helena, 1963- 
710 2 |a Fakulta podnikového manažmentu EU. Katedra podnikovohospodárska